01369nam a22003617a 4500003000500000005001700005008004100022010001000063011001000073035001000083040000900093090001000102100004400112245014400156260004000300300001000340502007500350590003700425590004100462590004100503590004100544590004200585650003800627650002900665650004200694650003600736650003200772901000700804942001000811949004200821999001700863952012700880CHAP20220329135445.0971013s1985 r 00010 d a36802 a37774 a41894 cCHAP aTesis00aOrtiz López, Ildefonso Carlos.983998 aEfecto de la carga animal sobre la producción de carne con novillos en pastoreo de Bermuda cruza uno (Cynodon dactylon x C1 niemfluencis) aChapingo, Méx. :bEl autor,c1985 a22 h. aTesis (Ing. Agr. Esp. en Zootecnia) -- UACH. Departamento de Zootecnia aALEPHb10c20130110lUCH01h1302 aBATCH-UPDb10c20130110lUCH01h1349 aBATCH-UPDb10c20130410lUCH01h0846 aBATCH-UPDb10c20130914lUCH01h0957 aCONVERSIONb10c20130109lUCH01h132114aCoeficiente de agostadero.92431914aCynodon dactylon.93080014aGanado de carnexProducción.94510414aGanado vacunoxPastoreo.94550214aGanado vacunoxPeso.945504 aBK cTESIS bBCcTESd-96325eTS1h18027i41894si c36802d36802 00102local4051708TESISaBCbBCcPA_TESISd2019-12-31fTESISl0oTesisp-96325r2019-12-31 00:00:00w2019-12-31yTESIS